[Event "Edmonton int."]
[Site "Edmonton CAN"]
[Date "2010.07.31"]
[Round "6"]
[White "Panchanathan, Magesh"]
[Black "Kraai, Jesse"]
[Result "1-0"]
[WhiteElo "2533"]
[BlackElo "2502"]
[PlyCount "61"]
[EventDate "2010.07.28"]
[EventType "tourn"]
[EventRounds "9"]
[EventCountry "CAN"]

1. c4 b6 2. Nf3 Bb7 3. d4 e6 4. g3 Bb4+ 5. Bd2 Bxf3 6. exf3 Bxd2+ 7. Nxd2 Ne7
8. f4 O-O 9. Bg2 d5 10. O-O Nbc6 11. Qa4 Qd7 12. Rac1 Rad8 13. cxd5 exd5 14.
Nf3 a5 15. Kh1 Qd6 16. Rfe1 Nb8 17. Qa3 Nec6 18. Qxd6 Rxd6 19. a3 Re6 20. Ne5
Rd8 21. Re3 f6 22. Nxc6 Rxc6 23. Rce1 Kf8 24. Bxd5 Rcd6 25. Be4 Rxd4 26. Bxh7
Rd1 27. Rxd1 Rxd1+ 28. Kg2 Kf7 29. h4 Nd7 30. h5 Nf8 31. Bc2 1-0

[Event "Edmonton int."]
[Site "Edmonton CAN"]
[Date "2010.07.31"]
[Round "6"]
[White "Pechenkin, Vladimir"]
[Black "Haessel, Dale"]
[Result "1/2-1/2"]
[WhiteElo "2345"]
[BlackElo "2243"]
[PlyCount "60"]
[EventDate "2010.07.28"]
[EventType "tourn"]
[EventRounds "9"]
[EventCountry "CAN"]

1. g3 Nf6 2. Bg2 d5 3. Nf3 g6 4. O-O Bg7 5. d3 c5 6. Nc3 d4 7. Na4 Nbd7 8. c4
dxc3 9. Nxc3 O-O 10. Qa4 Qc7 11. Qh4 Re8 12. Bh6 Bxh6 13. Qxh6 Nf8 14. Nd2 Bd7
15. Rac1 Rac8 16. Nce4 Nxe4 17. Nxe4 Qe5 18. Rc2 b6 19. Rfc1 Ne6 20. Bh3 Qg7
21. Qxg7+ Kxg7 22. Ng5 f5 23. Nxe6+ Bxe6 24. a3 Kf6 25. f4 a5 26. Bg2 Red8 27.
Rc3 Bd7 28. Kf2 e5 29. fxe5+ Kxe5 30. e3 Be6 1/2-1/2

[Event "Edmonton int."]
[Site "Edmonton CAN"]
[Date "2010.07.31"]
[Round "6"]
[White "Van Heirzeele, Daniel"]
[Black "Kekelidze, Mikheil"]
[Result "0-1"]
[WhiteElo "2120"]
[BlackElo "2487"]
[PlyCount "94"]
[EventDate "2010.07.28"]
[EventType "tourn"]
[EventRounds "9"]
[EventCountry "CAN"]

1. d4 g6 2. c4 Bg7 3. Nf3 c5 4. d5 d6 5. e4 Nf6 6. Nc3 O-O 7. Be2 e6 8. O-O
exd5 9. exd5 Re8 10. h3 Na6 11. Bf4 Ne4 12. Nxe4 Rxe4 13. Bg5 Qb6 14. Bd3 Re8
15. Qa4 Bf5 16. Bxf5 gxf5 17. Qd7 h6 18. Bf4 Qxb2 19. Qxf5 Qf6 20. Qxf6 Bxf6
21. Rab1 b6 22. Bxd6 Rad8 23. Bg3 Re2 24. a3 Ra2 25. Be5 Kg7 26. Ra1 Rxa1 27.
Rxa1 Nb8 28. Re1 Nd7 29. Bxf6+ Kxf6 30. g4 b5 31. cxb5 Nb6 32. Rd1 Rxd5 33.
Rxd5 Nxd5 34. Nd2 Ke5 35. Kf1 Kd4 36. Nf3+ Ke4 37. Nd2+ Kd3 38. Ke1 c4 39. a4
Nc3 40. f4 Nxa4 41. h4 c3 42. Nb3 c2 43. g5 Ke3 44. Nc1 Nc5 45. Na2 Nd3+ 46.
Kf1 hxg5 47. fxg5 Kd2 0-1

[Event "Edmonton int."]
[Site "Edmonton CAN"]
[Date "2010.08.01"]
[Round "7"]
[White "Kekelidze, Mikheil"]
[Black "Gardner, Robert"]
[Result "1-0"]
[WhiteElo "2487"]
[BlackElo "2151"]
[PlyCount "77"]
[EventDate "2010.07.28"]
[EventType "tourn"]
[EventRounds "9"]
[EventCountry "CAN"]

1. d4 Nf6 2. c4 e6 3. Nf3 b6 4. g3 Bb7 5. Bg2 Be7 6. O-O O-O 7. Re1 a5 8. Bg5
Ne4 9. Bxe7 Qxe7 10. Nfd2 Nxd2 11. Bxb7 Ra7 12. Qxd2 Rxb7 13. Nc3 c6 14. e4 d6
15. f4 b5 16. cxb5 cxb5 17. Nd1 b4 18. Ne3 Rc8 19. b3 Qd7 20. d5 Rb5 21. Rad1
e5 22. Nc4 f6 23. Qf2 Qc7 24. fxe5 fxe5 25. Rf1 Qe7 26. Qf5 Rd8 27. Qe6+ Qxe6
28. dxe6 Nc6 29. Rxd6 Rxd6 30. Nxd6 Rb8 31. Rc1 Ne7 32. Rc7 Kf8 33. Nf5 Re8 34.
Ra7 g6 35. Nd6 Rd8 36. Nc4 Rd4 37. Nxe5 Rxe4 38. Nd7+ Kg8 39. Nf6+ 1-0

[Event "Edmonton int."]
[Site "Edmonton CAN"]
[Date "2010.08.01"]
[Round "7"]
[White "Langer, Mikhail"]
[Black "Pechenkin, Vladimir"]
[Result "1/2-1/2"]
[WhiteElo "2280"]
[BlackElo "2345"]
[PlyCount "57"]
[EventDate "2010.07.28"]
[EventType "tourn"]
[EventRounds "9"]
[EventCountry "CAN"]

1. e4 Nf6 2. e5 Nd5 3. d4 d6 4. Nf3 dxe5 5. Nxe5 c6 6. Be2 Bf5 7. O-O Nd7 8. c4
Nb4 9. Ng4 e6 10. Ne3 Bxb1 11. Rxb1 Nxa2 12. Bd2 Nb4 13. d5 a5 14. dxe6 fxe6
15. Bh5+ g6 16. Bc3 Rg8 17. Bg4 Qe7 18. Re1 Nc5 19. Nc2 Rd8 20. Nd4 Rd6 21. Ra1
Qd8 22. Qe2 Rxd4 23. Bxd4 Qxd4 24. Bxe6 Rg7 25. Rxa5 Nba6 26. Bd7+ Kf7 27. Be6+
Ke8 28. Bd7+ Kf7 29. Be6+ 1/2-1/2

[Event "Edmonton int."]
[Site "Edmonton CAN"]
[Date "2010.08.01"]
[Round "8"]
[White "Kekelidze, Mikheil"]
[Black "Haessel, Dale"]
[Result "1-0"]
[WhiteElo "2487"]
[BlackElo "2243"]
[PlyCount "45"]
[EventDate "2010.07.28"]
[EventType "tourn"]
[EventRounds "9"]
[EventCountry "CAN"]

1. d4 Nf6 2. c4 g6 3. Nc3 d5 4. Bg5 Ne4 5. Bf4 Nxc3 6. bxc3 Bg7 7. e3 O-O 8.
Nf3 c5 9. cxd5 Qxd5 10. Be2 cxd4 11. cxd4 Nc6 12. O-O Qa5 13. Nd2 Rd8 14. Nc4
Qd5 15. Bc7 Re8 16. Rc1 Bf5 17. Bf3 Be4 18. Bxe4 Qxe4 19. Qb3 Nd8 20. Nd2 Qe6
21. Qb5 Kf8 22. d5 a6 23. Qxe8+ 1-0

[Event "Edmonton int."]
[Site "Edmonton CAN"]
[Date "2010.08.01"]
[Round "8"]
[White "Pechenkin, Vladimir"]
[Black "Kraai, Jesse"]
[Result "0-1"]
[WhiteElo "2345"]
[BlackElo "2502"]
[PlyCount "52"]
[EventDate "2010.07.28"]
[EventType "tourn"]
[EventRounds "9"]
[EventCountry "CAN"]

1. c4 b6 2. d4 Bb7 3. Nc3 e6 4. e4 Bb4 5. Qc2 Qh4 6. Bd3 Bxc3+ 7. bxc3 f5 8. g3
Qh5 9. f3 Nc6 10. Bf4 fxe4 11. fxe4 e5 12. Be2 Qf7 13. dxe5 Nge7 14. Nf3 Ng6
15. Qd2 O-O 16. Qd5 Na5 17. Qxf7+ Rxf7 18. e6 dxe6 19. Ng5 Re7 20. Bd3 h6 21.
Nh3 e5 22. Be3 Ba6 23. O-O-O Bxc4 24. Bb1 Rf8 25. Rhe1 Be6 26. Nf2 Nc4 0-1

[Event "Edmonton int."]
[Site "Edmonton CAN"]
[Date "2010.08.02"]
[Round "9"]
[White "Haessel, Dale"]
[Black "Gardner, Robert"]
[Result "0-1"]
[WhiteElo "2243"]
[BlackElo "2151"]
[PlyCount "60"]
[EventDate "2010.07.28"]
[EventType "tourn"]
[EventRounds "9"]
[EventCountry "CAN"]

1. d4 Nf6 2. c4 e6 3. Nc3 Bb4 4. Qc2 Nc6 5. Nf3 d6 6. Bd2 O-O 7. a3 Bxc3 8.
Bxc3 Qe7 9. e3 e5 10. dxe5 dxe5 11. Be2 e4 12. Nd2 Bf5 13. f4 Ng4 14. Bxg4 Bxg4
15. O-O Be2 16. Rfe1 Bd3 17. Qa4 Rfd8 18. c5 Rd5 19. b4 Rh5 20. Nf1 Bxf1 21.
Rxf1 Qh4 22. h3 Qg3 23. Rfe1 Rxh3 24. b5 Qh2+ 25. Kf1 Rf3+ 26. Ke2 Rd8 27. Rg1
Qg3 28. gxf3 Qxf3+ 29. Ke1 Qxe3+ 30. Kf1 Qf3+ 0-1

[Event "Edmonton int."]
[Site "Edmonton CAN"]
[Date "2010.08.02"]
[Round "9"]
[White "Langer, Mikhail"]
[Black "Kekelidze, Mikheil"]
[Result "0-1"]
[WhiteElo "2280"]
[BlackElo "2487"]
[PlyCount "136"]
[EventDate "2010.07.28"]
[EventType "tourn"]
[EventRounds "9"]
[EventCountry "CAN"]

1. e4 c5 2. Nf3 e6 3. d4 cxd4 4. Nxd4 a6 5. Bd3 Qb6 6. Nb3 Qc7 7. Be3 Nf6 8. c4
d6 9. O-O Nbd7 10. Nc3 Ne5 11. Na4 Nfd7 12. Rc1 b6 13. Be2 Nc5 14. Nc3 Bb7 15.
f4 Ned7 16. Bf3 Nf6 17. Nxc5 dxc5 18. e5 Nd7 19. Ne4 Bc6 20. Bd2 Be7 21. Bc3
O-O 22. Qe2 Rad8 23. Qf2 Bxe4 24. Bxe4 f5 25. exf6 Bxf6 26. Bb1 Bxc3 27. Rxc3
Nf6 28. Qh4 e5 29. Rh3 h6 30. Qg3 exf4 31. Qg6 Qf7 32. Qxf7+ Rxf7 33. Rxf4 Re7
34. Rd3 Re1+ 35. Rf1 Rxf1+ 36. Kxf1 Rxd3 37. Bxd3 Kf7 38. Bf5 Ke7 39. Ke2 Kd6
40. Ke3 Ke5 41. Bc8 a5 42. h4 Ne4 43. Bd7 Nd6 44. b3 Ne4 45. Bc6 Nd6 46. Bd7 a4
47. Bxa4 Nf5+ 48. Kd3 Nxh4 49. Bc6 Nf5 50. Bd7 Nd4 51. Be8 g5 52. Ke3 Nf5+ 53.
Kd3 Ng7 54. Bf7 h5 55. a3 h4 56. b4 g4 57. bxc5 bxc5 58. a4 h3 59. Bd5 Nh5 60.
g3 Nxg3 61. a5 Nh5 62. Ke3 Nf4 63. Ba8 g3 64. a6 h2 65. a7 g2 66. Bxg2 Nxg2+
67. Kf2 h1=Q 68. a8=Q Qe1+ 0-1

[Event "Estival 1"]
[Site "Charlesbourg CAN"]
[Date "2010.06.07"]
[Round "1"]
[White "Doyon, Stephane"]
[Black "Beaudoin, Stephane"]
[Result "0-1"]
[WhiteElo "1574"]
[BlackElo "2113"]
[PlyCount "124"]
[EventDate "2010.06.07"]
[EventType "swiss"]
[EventRounds "5"]
[EventCountry "CAN"]

1. e4 g6 2. d4 Bg7 3. Nc3 d6 4. f4 Nf6 5. Nf3 O-O 6. Bd3 Na6 7. e5 Nd7 8. Be3
c5 9. O-O cxd4 10. Bxd4 Nb4 11. e6 Bxd4+ 12. Nxd4 fxe6 13. Nxe6 Qb6+ 14. Kh1
Rf6 15. Bc4 Kh8 16. Ne4 d5 17. Nxf6 Nxf6 18. Bxd5 Nbxd5 19. Ng5 Be6 20. c4 Ne3
21. Qe2 Bg4 22. Qd3 Nxf1 23. Rxf1 Kg7 24. Re1 Re8 25. Qc3 Kg8 26. c5 Qb5 27. a3
h6 28. Nf3 Bxf3 29. gxf3 Qd7 30. Qe3 Qf5 31. Qb3+ Qd5 32. Qe3 e6 33. h3 Qf5 34.
Kh2 Nd5 35. Qe5 Qxf4+ 36. Qxf4 Nxf4 37. Rd1 Nd5 38. b4 Rc8 39. Rc1 a6 40. Kg3
Kf7 41. Rc4 Kf6 42. a4 e5 43. b5 axb5 44. axb5 Ne3 45. Rc3 Nf5+ 46. Kf2 Nd4 47.
c6 bxc6 48. bxc6 Rxc6 49. Ra3 Kf5 50. Ra8 Kf4 51. Rf8+ Nf5 52. Ke2 Rc2+ 53. Kd3
Rf2 54. Rf6 Rxf3+ 55. Ke2 Rxh3 56. Rxg6 h5 57. Rg8 Rh2+ 58. Kf1 Rb2 59. Rf8 h4
60. Rf7 h3 61. Kg1 Ke4 62. Ra7 h2+ 0-1

[Event "Estival 1"]
[Site "Charlesbourg CAN"]
[Date "2010.06.07"]
[Round "1"]
[White "Perron, Jonathan"]
[Black "Imbeault, David"]
[Result "0-1"]
[WhiteElo "1983"]
[BlackElo "1572"]
[PlyCount "82"]
[EventDate "2010.06.07"]
[EventType "swiss"]
[EventRounds "5"]
[EventCountry "CAN"]

1. e4 e6 2. d4 d5 3. Nd2 Nf6 4. e5 Nfd7 5. Ngf3 c5 6. c3 Nc6 7. Bd3 cxd4 8.
cxd4 Qb6 9. O-O Nxd4 10. Nxd4 Qxd4 11. Nf3 Qb6 12. Qa4 Bc5 13. Qg4 g6 14. Rb1
Be7 15. b4 f5 16. Qf4 Qc7 17. Be3 g5 18. Nxg5 Qxe5 19. Qh4 Qg7 20. Qh5+ Qg6 21.
Nxe6 Qxh5 22. Ng7+ Kf7 23. Nxh5 Ne5 24. Bd4 Bd6 25. f4 Nxd3 26. Bxh8 Nxb4 27.
a4 b6 28. Bc3 Nc6 29. Rfd1 Be6 30. Ng7 Rg8 31. Nxe6 Kxe6 32. Re1+ Kd7 33. Be5
Bc5+ 34. Kf1 Na5 35. Rbd1 Kc6 36. Bd4 Bd6 37. Re6 Rg6 38. Rde1 Nb3 39. Bf2 Nd2+
40. Ke2 Rxe6+ 41. Kxd2 Bb4+ 0-1

[Event "Estival 1"]
[Site "Charlesbourg CAN"]
[Date "2010.06.07"]
[Round "1"]
[White "Plante, Rejean"]
[Black "Boulianne, Gabriel"]
[Result "1-0"]
[WhiteElo "2037"]
[BlackElo "1622"]
[PlyCount "87"]
[EventDate "2010.06.07"]
[EventType "swiss"]
[EventRounds "5"]
[EventCountry "CAN"]

1. d4 Nf6 2. c4 e5 3. dxe5 Ng4 4. Nf3 Nc6 5. a3 Bc5 6. e3 a5 7. b3 Ngxe5 8. Bb2
d6 9. Be2 O-O 10. O-O Qf6 11. Kh1 Qh6 12. Nd4 f5 13. Nxc6 Nxc6 14. Nc3 Ne5 15.
Nd5 c6 16. b4 axb4 17. axb4 Rxa1 18. Bxa1 Ba7 19. Ne7+ Kh8 20. Nxc8 Rxc8 21.
Bxe5 dxe5 22. Qd7 Rf8 23. Qxb7 Bb8 24. Rd1 f4 25. Qe7 g5 26. Rd8 Kg8 27. c5
Rxd8 28. Qxd8+ Qf8 29. Bc4+ Kg7 30. Qxg5+ Kh8 31. e4 Bc7 32. Be6 f3 33. gxf3
Qxf3+ 34. Kg1 Qf8 35. Bd7 Qg7 36. Qxg7+ Kxg7 37. Bxc6 Kg6 38. Kg2 Bd8 39. Kf3
Be7 40. Ke3 Kg5 41. Bd7 h5 42. Kd3 Kf4 43. Bf5 h4 44. h3 1-0

[Event "Estival 1"]
[Site "Charlesbourg CAN"]
[Date "2010.06.07"]
[Round "1"]
[White "Tremblay, Rejean"]
[Black "Ouellet, Philippe"]
[Result "1-0"]
[WhiteElo "2289"]
[BlackElo "1634"]
[PlyCount "49"]
[EventDate "2010.06.07"]
[EventType "swiss"]
[EventRounds "5"]
[EventCountry "CAN"]

1. e4 e5 2. f4 exf4 3. Nf3 d6 4. d4 g5 5. h4 g4 6. Ng1 Qf6 7. Nc3 Ne7 8. Nge2
Bh6 9. g3 f3 10. Nf4 c6 11. Kf2 Bxf4 12. Bxf4 Be6 13. Bxd6 Nd7 14. e5 Qh6 15.
Qd3 Nf5 16. Ne4 O-O-O 17. Re1 Nb6 18. b3 Bd5 19. Bc5 Bxe4 20. Rxe4 Rhe8 21. Rf4
Nxd4 22. Rxd4 Rxd4 23. Qxd4 Qc1 24. Qxg4+ Nd7 25. Qxd7+ 1-0

[Event "Estival 1"]
[Site "Charlesbourg CAN"]
[Date "2010.06.14"]
[Round "2"]
[White "Beaudoin, Stephane"]
[Black "Lapierre, Gaetan"]
[Result "0-1"]
[WhiteElo "2113"]
[BlackElo "1861"]
[PlyCount "54"]
[EventDate "2010.06.07"]
[EventType "swiss"]
[EventRounds "5"]
[EventCountry "CAN"]

1. e4 c5 2. Nf3 d6 3. d4 cxd4 4. Nxd4 Nf6 5. Bd3 a6 6. O-O Nbd7 7. Kh1 Nc5 8.
Nc3 Nxd3 9. Qxd3 e6 10. f4 Qc7 11. Bd2 Be7 12. Rae1 O-O 13. Rf3 b5 14. Rg3 Bb7
15. e5 Nh5 16. Rh3 g6 17. Ne4 dxe5 18. fxe5 Qxe5 19. Ng5 Qd5 20. Ngf3 Bf6 21.
Re2 Rfd8 22. Qe3 Bxd4 23. Nxd4 Qxd4 24. Qg5 Rd5 25. Qh6 Rf5 26. Re1 Qf2 27. Qe3
Qxg2# 0-1

[Event "Estival 1"]
[Site "Charlesbourg CAN"]
[Date "2010.06.14"]
[Round "2"]
[White "Dube, Daniel"]
[Black "Tremblay, Rejean"]
[Result "0-1"]
[WhiteElo "1849"]
[BlackElo "2289"]
[PlyCount "120"]
[EventDate "2010.06.07"]
[EventType "swiss"]
[EventRounds "5"]
[EventCountry "CAN"]

1. c4 g6 2. Nc3 Bg7 3. g3 e5 4. d3 f5 5. Nf3 d6 6. Bg5 Nf6 7. Nd5 Nbd7 8. Bg2
h6 9. Bxf6 Bxf6 10. Nxf6+ Qxf6 11. Qc2 O-O 12. O-O a5 13. Qc3 g5 14. Nd2 Kh7
15. e4 f4 16. Bh3 h5 17. Bf5+ Kh8 18. gxf4 gxf4 19. Nf3 Nc5 20. Bxc8 Rfxc8 21.
Kh1 Rg8 22. Rg1 b6 23. Rxg8+ Rxg8 24. Rg1 Rxg1+ 25. Kxg1 Qg6+ 26. Kf1 Qg4 27.
d4 Nxe4 28. Qd3 Qxf3 29. Qxf3 Nd2+ 30. Kg2 Nxf3 31. Kxf3 exd4 32. Kxf4 c5 33.
Ke4 Kg7 34. a4 Kg6 35. Kf4 Kf6 36. b3 Kg6 37. h4 Kf6 38. Ke4 Ke6 39. f3 Kf7 40.
Kd3 Kf6 41. Ke4 Ke6 42. f4 Kf7 43. Kd3 Kf6 44. Ke4 Ke6 45. f5+ Kf6 46. Kf4 d3
47. Ke3 Kxf5 48. Kxd3 Kf4 49. Kd2 Kg4 50. Ke3 Kxh4 51. Kf4 Kh3 52. Kf3 h4 53.
Kf2 Kg4 54. Kg2 h3+ 55. Kh2 Kh4 56. Kh1 Kg3 57. Kg1 h2+ 58. Kh1 Kh3 59. b4 axb4
60. a5 b3 0-1

[Event "Estival 1"]
[Site "Charlesbourg CAN"]
[Date "2010.06.14"]
[Round "2"]
[White "Hebert, Marc"]
[Black "Plante, Rejean"]
[Result "0-1"]
[WhiteElo "1700"]
[BlackElo "2037"]
[PlyCount "102"]
[EventDate "2010.06.07"]
[EventType "swiss"]
[EventRounds "5"]
[EventCountry "CAN"]

1. g3 d5 2. Bg2 Nf6 3. Nf3 c5 4. O-O Nc6 5. d4 Bf5 6. c3 e6 7. Qb3 Qd7 8. Na3
c4 9. Qa4 Be7 10. b4 cxb3 11. Qxb3 O-O 12. Bb2 b5 13. Rac1 Rab8 14. Nh4 Na5 15.
Qd1 Nc4 16. Nxc4 bxc4 17. Qd2 Ne4 18. Bxe4 Bxe4 19. f3 Bxh4 20. fxe4 Bg5 21.
Qxg5 Rxb2 22. exd5 exd5 23. Qf5 Qe6 24. Rce1 Rxa2 25. e4 Qh6 26. Rf2 Rxf2 27.
Qxf2 dxe4 28. Rxe4 Qc6 29. Re5 Rb8 30. Qf5 g6 31. Qe4 Qa4 32. Qe1 Kf8 33. Qc1
Kg7 34. Re1 Rb3 35. Qe3 Qa5 36. Rc1 Qd5 37. Ra1 a5 38. Qe5+ Qxe5 39. dxe5 Rxc3
40. Rxa5 Rc2 41. Rc5 h6 42. Rc7 Kf8 43. g4 c3 44. h4 Ke8 45. h5 gxh5 46. gxh5
Rc1+ 47. Kg2 c2 48. Kh2 Kd8 49. Rc6 Kd7 50. Rd6+ Ke7 51. Rd2 Rh1+ 0-1

[Event "Estival 1"]
[Site "Charlesbourg CAN"]
[Date "2010.06.21"]
[Round "3"]
[White "Cote, Jocelyn"]
[Black "Imbeault, David"]
[Result "1-0"]
[WhiteElo "1698"]
[BlackElo "1572"]
[PlyCount "59"]
[EventDate "2010.06.07"]
[EventType "swiss"]
[EventRounds "5"]
[EventCountry "CAN"]

1. e4 e6 2. d3 d5 3. Nd2 Nf6 4. g3 Be7 5. Ngf3 Nc6 6. Bg2 dxe4 7. dxe4 e5 8.
O-O Bg4 9. h3 Bh5 10. Qe2 Qd7 11. Qb5 O-O-O 12. Nxe5 Nxe5 13. Qxe5 Rhe8 14. Qa5
Qd4 15. Nb3 Qb6 16. Qf5+ Kb8 17. Be3 Qa6 18. a4 Be2 19. Rfe1 Bb4 20. c3 g6 21.
Qg5 h6 22. Qxh6 Rh8 23. Qg5 Rh5 24. Bxa7+ Ka8 25. Qe3 Bxc3 26. bxc3 Bc4 27.
Rad1 Re8 28. Nd2 Be6 29. Bd4 Bxh3 30. Bxf6 1-0

[Event "Estival 1"]
[Site "Charlesbourg CAN"]
[Date "2010.06.21"]
[Round "3"]
[White "Glode, Martin"]
[Black "Beaudoin, Stephane"]
[Result "0-1"]
[WhiteElo "1770"]
[BlackElo "2110"]
[PlyCount "36"]
[EventDate "2010.06.07"]
[EventType "swiss"]
[EventRounds "5"]
[EventCountry "CAN"]

1. e4 g6 2. d4 Bg7 3. Nc3 d6 4. Be3 Nc6 5. Nf3 Bg4 6. Be2 Bxf3 7. Bxf3 e5 8.
Ne2 Nge7 9. Qd2 O-O 10. Bh6 Bxh6 11. Qxh6 Nxd4 12. Nxd4 exd4 13. O-O-O Nc6 14.
h4 Qe7 15. h5 g5 16. Rh3 Ne5 17. Rg3 f6 18. Be2 Kh8 0-1

[Event "Estival 1"]
[Site "Charlesbourg CAN"]
[Date "2010.06.21"]
[Round "3"]
[White "Lessard, Claude"]
[Black "Cournoyer, Dominic"]
[Result "1/2-1/2"]
[WhiteElo "2031"]
[BlackElo "1952"]
[PlyCount "112"]
[EventDate "2010.06.07"]
[EventType "swiss"]
[EventRounds "5"]
[EventCountry "CAN"]

1. e4 d5 2. exd5 Nf6 3. Nf3 Nxd5 4. h3 c5 5. Bb5+ Bd7 6. Bxd7+ Nxd7 7. O-O g6
8. d4 cxd4 9. Qxd4 N7f6 10. Rd1 Nb6 11. Qxd8+ Rxd8 12. Rxd8+ Kxd8 13. Nc3 Nfd5
14. Ne4 Kc8 15. Ne5 f6 16. Nd3 e5 17. Bd2 Nc4 18. Be1 Be7 19. b3 Nd6 20. Nxd6+
Bxd6 21. Rd1 Rd8 22. c4 Nc7 23. f3 Ne6 24. Bf2 Bc5 25. Bxc5 Nxc5 26. Nb2 Rxd1+
27. Nxd1 Nd3 28. Nc3 Kd7 29. Kf1 f5 30. g3 Kc6 31. Ke2 Nc5 32. Nd5 Ne6 33. Kd3
Ng5 34. f4 e4+ 35. Kd4 Nxh3 36. Nf6 h5 37. Nd5 Kd6 38. c5+ Ke6 39. Nc7+ Kd7 40.
Nb5 a6 41. Nc3 Ke6 42. Ne2 Nf2 43. b4 Nd3 44. a3 Ne1 45. Kc4 Nc2 46. a4 Ne3+
47. Kd4 Ng2 48. b5 axb5 49. axb5 Ne1 50. b6 Nf3+ 51. Kc4 Kd7 52. Kd5 e3 53. Kc4
Kc6 54. Kb4 Kd5 55. Nc3+ Kc6 56. Ne2 Kd5 1/2-1/2

[Event "Estival 1"]
[Site "Charlesbourg CAN"]
[Date "2010.06.21"]
[Round "3"]
[White "Plante, Rejean"]
[Black "Fecteau, Martin"]
[Result "0-1"]
[WhiteElo "2037"]
[BlackElo "1953"]
[PlyCount "84"]
[EventDate "2010.06.07"]
[EventType "swiss"]
[EventRounds "5"]
[EventCountry "CAN"]

1. e4 c5 2. Nf3 d6 3. d4 cxd4 4. Nxd4 Nf6 5. Nc3 a6 6. Bc4 e6 7. Bb3 Nc6 8. O-O
Be7 9. Kh1 O-O 10. Nxc6 bxc6 11. f4 d5 12. e5 Nd7 13. Na4 c5 14. c4 d4 15. Bc2
Bb7 16. b3 Bc6 17. Nb2 Qb6 18. Qe2 Qb7 19. Bd2 f6 20. exf6 Rxf6 21. Kg1 Bd6 22.
g4 Re8 23. g5 Rf7 24. Bxh7+ Kxh7 25. Qh5+ Kg8 26. g6 Rf5 27. Qh7+ Kf8 28. Qh8+
Ke7 29. Qxg7+ Kd8 30. Nd3 Bb8 31. Rf2 Be4 32. Ne1 Rf6 33. f5 Rxf5 34. Rxf5 exf5
35. h4 Ne5 36. Bg5+ Kc8 37. Qf6 Qd7 38. g7 Rg8 39. b4 Ng4 40. Qg6 Rxg7 41. Qh5
Bh2+ 42. Kf1 Qf7 0-1

[Event "Estival 1"]
[Site "Charlesbourg CAN"]
[Date "2010.06.21"]
[Round "3"]
[White "Tremblay, Charles"]
[Black "Hebert, Marc"]
[Result "0-1"]
[WhiteElo "1600"]
[BlackElo "1652"]
[PlyCount "80"]
[EventDate "2010.06.07"]
[EventType "swiss"]
[EventRounds "5"]
[EventCountry "CAN"]

1. c4 c5 2. Nc3 Nc6 3. Nf3 g6 4. g3 Bg7 5. Bg2 e6 6. d3 Nge7 7. O-O d6 8. Rb1
O-O 9. a3 Bd7 10. Bd2 Nf5 11. Ne4 Qc7 12. e3 Rac8 13. b4 b6 14. Qc2 d5 15. cxd5
exd5 16. Nc3 Nxb4 17. axb4 cxb4 18. Rxb4 Bxc3 19. Rc1 Be5 20. Qxc7 Bxc7 21.
Rbb1 Bd6 22. Re1 Rc2 23. Bb4 Bxb4 24. Rxb4 Rfc8 25. Rbb1 Ra2 26. Ne5 Be6 27. d4
Rcc2 28. Nd3 Re2 29. Rf1 Nxe3 30. Nc1 Nxf1 31. Nxa2 Rxa2 32. Kxf1 Kf8 33. Rc1
Ke7 34. Bf3 Kd6 35. g4 Ra3 36. Ke2 Bd7 37. h3 b5 38. h4 a5 39. Rc3 b4 40. Rc5
Rxf3 0-1

[Event "Estival 1"]
[Site "Charlesbourg CAN"]
[Date "2010.06.28"]
[Round "4"]
[White "Beaudoin, Stephane"]
[Black "Cote, Jocelyn"]
[Result "0-1"]
[WhiteElo "2113"]
[BlackElo "1698"]
[PlyCount "106"]
[EventDate "2010.06.07"]
[EventType "swiss"]
[EventRounds "5"]
[EventCountry "CAN"]

1. e4 e5 2. Bc4 Bc5 3. Nf3 Nc6 4. O-O Nf6 5. c3 d6 6. d3 Bb6 7. a4 a5 8. Na3
O-O 9. Nc2 Be6 10. Bxe6 fxe6 11. Be3 Qe8 12. Bxb6 cxb6 13. Ne3 Qg6 14. Qb3 Nh5
15. Nh4 Qf6 16. Nhf5 Kh8 17. Ng3 Nf4 18. Nc4 Rad8 19. Qxb6 Rd7 20. Qe3 d5 21.
Nb6 Rd6 22. Qc5 Qd8 23. exd5 exd5 24. c4 Ne6 25. Qe3 d4 26. Qe2 Qxb6 27. Ne4
Nf4 28. Qd1 Rg6 29. g3 Nb4 30. c5 Qe6 31. f3 Nfxd3 32. Ra3 Nxb2 33. Qb1 Nc4 34.
Rb3 Ne3 35. Rf2 Qc6 36. Rxb4 axb4 37. Qxb4 Ra8 38. Ra2 Nd5 39. Qb3 h6 40. a5
Ne3 41. Ra1 Qd5 42. Qd3 Rga6 43. Rc1 Rxa5 44. Nf6 gxf6 45. Qg6 Qg8 46. Qxh6+
Qh7 47. Qxf6+ Qg7 48. Qe6 Ra1 49. Rxa1 Rxa1+ 50. Kf2 Ra6 51. Qe8+ Kh7 52. Qb5
Qf7 53. Qb1+ Kg7 0-1

[Event "Estival 1"]
[Site "Charlesbourg CAN"]
[Date "2010.06.28"]
[Round "4"]
[White "Cournoyer, Dominic"]
[Black "Boulianne, Gabriel"]
[Result "1-0"]
[WhiteElo "1952"]
[BlackElo "1622"]
[PlyCount "49"]
[EventDate "2010.06.07"]
[EventType "swiss"]
[EventRounds "5"]
[EventCountry "CAN"]

1. c4 e5 2. Nc3 Nf6 3. Nf3 Nc6 4. g3 d6 5. Bg2 Be7 6. O-O O-O 7. d4 exd4 8.
Nxd4 Nxd4 9. Qxd4 Ng4 10. Nd5 Ne5 11. Nxe7+ Qxe7 12. b3 Nc6 13. Qd2 Bd7 14. Bb2
Rfe8 15. Qc3 f6 16. Rfe1 Rad8 17. Rad1 b6 18. e4 Nb8 19. f4 Bc6 20. b4 Ba4 21.
Rd2 Bc6 22. Rde2 Nd7 23. e5 Bxg2 24. exf6 Qxe2 25. f7+ 1-0

[Event "Estival 1"]
[Site "Charlesbourg CAN"]
[Date "2010.06.28"]
[Round "4"]
[White "Fecteau, Martin"]
[Black "Tremblay, Rejean"]
[Result "1/2-1/2"]
[WhiteElo "1953"]
[BlackElo "2289"]
[PlyCount "122"]
[EventDate "2010.06.07"]
[EventType "swiss"]
[EventRounds "5"]
[EventCountry "CAN"]

1. e4 c5 2. Nf3 d6 3. d4 cxd4 4. Nxd4 Nf6 5. Nc3 a6 6. f4 Qc7 7. Be2 b5 8. O-O
Bb7 9. Bf3 Nbd7 10. a3 e6 11. Kh1 Be7 12. Nb3 O-O 13. Be3 Rac8 14. Qe2 Ba8 15.
Qf2 e5 16. f5 Rfe8 17. Rac1 Nc5 18. Nd2 Red8 19. Nd5 Bxd5 20. exd5 Qb7 21. Bxc5
Rxc5 22. Ne4 Nxe4 23. Bxe4 b4 24. a4 Rdc8 25. b3 Bg5 26. Rcd1 Qc7 27. Qf3 f6
28. Bd3 a5 29. Rf2 Rc3 30. Qe4 Qb6 31. Re2 Kf8 32. g3 R8c5 33. Qg2 Qb7 34. Be4
Re3 35. Rxe3 Bxe3 36. Rd3 Bh6 37. h4 Qc8 38. Rf3 Qd8 39. Qe2 Qb6 40. Kg2 Bc1
41. Qe1 Bh6 42. Qd1 Rc7 43. Kh3 Qd4 44. Qxd4 exd4 45. Bd3 Ke7 46. Kg4 Kd8 47.
Kh5 Be3 48. g4 Re7 49. g5 fxg5 50. hxg5 Rf7 51. g6 hxg6+ 52. Kxg6 Ke7 53. Rh3
Bf4 54. Rh8 Rf6+ 55. Kh5 Rh6+ 56. Rxh6 gxh6 57. Kg6 Bg5 58. Be2 Bf6 59. Kxh6
Kf7 60. Bh5+ Ke7 61. Kg6 Bh8 1/2-1/2

[Event "Estival 1"]
[Site "Charlesbourg CAN"]
[Date "2010.06.28"]
[Round "4"]
[White "Hebert, Marc"]
[Black "Lessard, Claude"]
[Result "0-1"]
[WhiteElo "1652"]
[BlackElo "2031"]
[PlyCount "50"]
[EventDate "2010.06.07"]
[EventType "swiss"]
[EventRounds "5"]
[EventCountry "CAN"]

1. e4 c6 2. d4 d5 3. exd5 cxd5 4. Bd3 Nf6 5. Nf3 g6 6. c3 Bg7 7. Bf4 Nc6 8. Qc2
O-O 9. O-O Nh5 10. Bg5 Qd6 11. Re1 Nf4 12. Nbd2 Nxd3 13. Qxd3 f6 14. Bh4 Bf5
15. Qe2 Rae8 16. Bg3 Qd8 17. Nh4 Bc8 18. f4 e5 19. dxe5 fxe5 20. Qf1 Qb6+ 21.
Bf2 Qxb2 22. Qd3 e4 23. Qxd5+ Be6 24. Nc4 Qxf2+ 25. Kxf2 Bxd5 0-1